| 000 | 00000nam 2200000za 4500 |
| 001 | 9.643846 |
| 003 | CaOODSP |
| 005 | 20240624082232 |
| 007 | cr ||||||||||| |
| 008 | 150407|1961||||xxc|||||o f|0| 0 fre d |
| 040 | |aCaOODSP|bfre |
| 043 | |an-cn--- |
| 086 | 1 |aZ1-1960/1F-PDF |
| 245 | 00|aRapport de la Commission royale d'enquête sur l'industrie automobile |h[ressource électronique] / |cV.W. Bladen, président. |
| 260 | |aOttawa : |bBureau du Conseil privé, |c1961. |
| 300 | |a137 p. : |bgraphiques |
| 500 | |a« 14 avril 1961. » |
| 500 | |aPublication historique numérisée en 2008 par le Bureau du Conseil privé du Canada. |
| 590 | |a15-04-Supp|b2015-03-19 |
| 691 | 07|aCommission d'enquête|2gcpds |
| 691 | 07|aIndustrie de l'automobile|2gcpds |
| 710 | 1 |aCanada. |bBureau du Conseil privé. |
| 775 | 08|tReport, Royal Commission on the Automotive Industry / |w(CaOODSP)9.699892 |
| 856 | 40|ahttp://publications.gc.ca|qPDF|s5.53 Mo|uhttps://publications.gc.ca/collections/collection_2014/bcp-pco/Z1-1960-1-fra.pdf |